000
00301nam a22001337a 4500
008
181102b xxu||||| |||| 00| 0 eng d
020
_a
9781572240612
041
_a
eng
080
_a
159.9
100
_a
48
101
_a
PSI
245
_a
Treating Depressed Children
_c
Duldey,Ch.D
942
_2
udc
_c
BK
999
_c
51571
_d
51571